| 000 | 00000cam 2200000zi 4500 |
| 001 | 9.887498 |
| 003 | CaOODSP |
| 005 | 20260211130635 |
| 006 | m o d f |
| 007 | cr cn||||||||| |
| 008 | 200515t20212020oncao ob f000 0 eng d |
| 020 | |a9780660349640 |
| 040 | |aCaOODSP|beng|erda|cCaOODSP |
| 043 | |an-cn--- |
| 086 | 1 |aT29-42/2021E-PDF |
| 245 | 03|aAn owner's guide to private buoys : |bnavigation protection program. |
| 246 | 17|aGuide to private buoys in Canada |
| 264 | 1|aOttawa, ON : |bTransport Canada = Transports Canada, |c[2021] |
| 264 | 4|c©2020 |
| 300 | |a1 online resource (23 pages) : |billustrations, photographs |
| 336 | |atext|btxt|2rdacontent |
| 337 | |acomputer|bc|2rdamedia |
| 338 | |aonline resource|bcr|2rdacarrier |
| 500 | |aCover title. |
| 500 | |aIssued also in French under title: Bouées privées guide du propriétaire : programme de protection de la navigation. |
| 504 | |aIncludes bibliographical references (page 23). |
| 520 | |a"In Canada’s marine navigation system, buoys are important to the safety and well-being of the boating community. Persons, organizations, corporations, or other groups may place "private buoys" on the water to communicate with other mariners"--Introduction, page 2. |
| 530 | |aIssued also in printed form. |
| 650 | 0|aBuoys|zCanada. |
| 650 | 0|aFishing boats|zCanada|xSafety measures. |
| 710 | 1 |aCanada. |bTransport Canada, |eissuing body. |
| 775 | 08|tBouées privées guide du propriétaire : |w(CaOODSP)9.887500 |
| 776 | 0#|tAn owner's guide to private buoys. |w(CaOODSP)9.895480 |
| 794 | |tAn owner's guide to private buoys : |b[2025 edition]|w(CaOODSP)9.951452 |
| 795 | |tAn owner's guide to private buoys |b2008|w(CaOODSP)9.692262 |
| 856 | 40|qPDF|s987 KB|uhttps://publications.gc.ca/collections/collection_2021/tc/T29-42-2021-eng.pdf |
| 986 | |a14799E (01/2020) TC-1002721 |